| 000 | 00502nam a22001817a 4500 | ||
|---|---|---|---|
| 003 | OSt | ||
| 005 | 20160516175909.0 | ||
| 008 | 160516b xxu||||| |||| 00| 0 eng d | ||
| 020 | _a0964278707 | ||
| 040 | _cDDC. | ||
| 082 | _a333.95 RAB1997. | ||
| 100 |
_aRabinowitz,Alan; _98823 |
||
| 245 | _aWildlife Field Research and Concervation Training Manual. | ||
| 260 |
_aNew York. _bWildlife Concervation Society. _c1997. |
||
| 300 |
_a279p; _bill; _c26cm. |
||
| 650 |
_aBiology. _95602 |
||
| 942 |
_2ddc _cSLOAN |
||
| 999 |
_c4057 _d4057 |
||